Marte, el planeta rojo /

Es el cuarto planeta que gira alrededor del sol. Su parecido a la tierra lo hace el principal candidato para ser habitado por seres humanos. Se ha encontrado evidencia de agua congelada varios metros debajo de su árida tierra, recurso indispensable para los humanos. Debido a esto las posibilidades d...

Descripción completa

Guardado en:
Autor Principal: Cohen, Douglas
Autor Corporativo: History Channel.
Formato: Deslizar
Publicado: Estados Unidos, 2007.
Series:El Universo I - History Channel
Materias:
Etiquetas: Agregar Etiqueta
Sin Etiquetas, Sea el primero en etiquetar este registro!
LEADER 01530ngm a22003015g 4500
001 CEM.cems023199
008 130507s2007##################0###0#####d
005 20250219145037.0
245 1 0 |a Marte, el planeta rojo /  |c Douglas Cohen. 
260 |a Estados Unidos,  |c 2007. 
300 |a 44'. 
490 0 |a El Universo I - History Channel 
500 |a Consultar en ventanilla. 
538 |a Soporte: DVD - Color: Si - Grabación DRD 
590 |a Identificación anterior registrada en SIABUC: DVD Nº97 
520 |a Es el cuarto planeta que gira alrededor del sol. Su parecido a la tierra lo hace el principal candidato para ser habitado por seres humanos. Se ha encontrado evidencia de agua congelada varios metros debajo de su árida tierra, recurso indispensable para los humanos. Debido a esto las posibilidades de habitar este planeta van en aumento. Explora y descubre a Marte, El Planeta Rojo. Es el cuarto planeta que gira alrededor del sol. Su parecido a la tierra lo hace el principal candidato para ser habitado por seres humanos. Se ha encontrado evidencia de agua congelada varios metros debajo de su árida tierra, recurso indispensable para los humanos. 
100 1 |a Cohen, Douglas 
710 2 |a History Channel. 
082 5 2 |/ COH-1.1 
653 |a ASTRONOMÍA 
653 |a SISTEMA SOLAR 
653 |a VIA LACTEA 
653 |a MARTE 
653 |a PLANETAS 
653 |a UNIVERSO 
653 |a SERIE 
653 |a DOCUMENTAL 
859 |a CEMS  |b BIB. CEMS - Depto. Recursos Didacticos  |h 520  |i COH-1.1  |k DRD  |p 1842.13  |t Ej.1